[Event "Asia/Oceania Uni-ch (Women)"]
[Site "Tornelo INT"]
[Date "2022.12.19"]
[Round "4"]
[White "Alinasab, Mobina"]
[Black "Wijayanti, Retno"]
[Result "1-0"]
[WhiteElo "2214"]
[BlackElo "2150"]
[PlyCount "133"]
[EventDate "2022.12.18"]
[EventType "swiss (rapid)"]
[EventRounds "9"]
[EventCountry "NET"]
[SourceTitle "EXT 2024"]
[Source "ChessBase"]
[SourceDate "2023.10.10"]
[SourceVersion "1"]
[SourceVersionDate "2023.10.10"]
[SourceQuality "1"]

1. e4 c5 2. Nf3 e6 3. d4 cxd4 4. Nxd4 a6 5. c4 Nf6 6. Nc3 Bb4 7. Qd3 Bxc3+ 8. bxc3 Qc7 9. Be2 Nc6 10. f4 d6 11. Ba3 e5 12. Nf3 exf4 13. Bxd6 Qd8 14. Bxf4 Qxd3 15. Bxd3 0-0 16. 0-0 Be6 17. Nd4 Rfd8 18. Rad1 Nxd4 19. cxd4 Rxd4 20. e5 Ne8 21. Bxh7+ Kxh7 22. Rxd4 Rc8 23. Rb1 b5 24. cxb5 axb5 25. Rxb5 Bxa2 26. h3 Rc2 27. Rd2 Rxd2 28. Bxd2 Nc7 29. Rb7 Na6 30. Ra7 Bc4 31. Be3 Nb8 32. Rc7 Be6 33. Kf2 Nd7 34. Bd4 Nb8 35. Ke3 Na6 36. Rb7 Bd5 37. Rd7 Be6 38. Rb7 Bd5 39. Ra7 Nb4 40. Bc3 Nc6 41. Rd7 Be6 42. Rc7 Nb8 43. Kd4 Nd7 44. Rc6 Kg6 45. Bd2 Kf5 46. g4+ Kg6 47. h4 Nb8 48. Rd6 Kh7 49. Rxe6 fxe6 50. Kc5 Kg6 51. Kd6 Kf7 52. h5 Na6 53. Ba5 Nb8 54. g5 g6 55. h6 Na6 56. Bd8 Nb4 57. Bf6 Kg8 58. Kxe6 Nd3 59. Kd7 Nf4 60. e6 Nxe6 61. Kxe6 Kh7 62. Be5 Kg8 63. Bg3 Kh8 64. Kf7 Kh7 65. Kf6 Kh8 66. Kxg6 Kg8 67. h7+ 1-0

[Event "Asian University (Women)"]
[Site "Tornelo INT"]
[Date "2021.09.03"]
[Round "2"]
[White "Wijayanti, Retno"]
[Black "Azali, Tannaz"]
[Result "0-1"]
[WhiteElo "2071"]
[BlackElo "2110"]
[PlyCount "52"]
[EventDate "2021.09.03"]
[EventType "swiss (rapid)"]
[EventRounds "9"]
[EventCountry "NET"]
[SourceTitle "CBM 204 Extra"]
[Source "ChessBase"]
[SourceDate "2021.11.30"]
[SourceVersion "1"]
[SourceVersionDate "2021.11.30"]
[SourceQuality "1"]

1. e4 c5 2. Nf3 e6 3. d4 cxd4 4. Nxd4 Nc6 5. Bd2 Nxd4 6. Bc3 Nc6 7. Be2 d5 8. exd5 Qxd5 9. 0-0 Qxd1 10. Rxd1 Nf6 11. Nd2 Be7 12. f3 0-0 13. Nc4 Nd5 14. Be1 b5 15. Na5 Nxa5 16. Bxa5 a6 17. c4 bxc4 18. Bxc4 Ne3 19. Rdc1 Nxc4 20. Rxc4 Bf6 21. Rb1 Bb7 22. b3 Rac8 23. Rbc1 Rxc4 24. Rxc4 Rc8 25. Rb4 Bd5 26. Rb6 Bd4+ 0-1